Cuestiones econm̤icas

Bibliographic Details
Format: Journal
Language:Spanish
Published: Quito : Banco Central de Ecuador, 1985-
Subjects:
Online Access:http://vlex.com/source/practica-auditoria-automatizada-7076

MARC

LEADER 00000nas a22000007a 4500
005 20130301120343.0
007 cr|||| ||||
008 130301c19859999ec tr|p s|||| 0|||b1spa d
035 |a 7138 
040 |a vLex 
090 |c 3804  |d 3804 
245 0 0 |a Cuestiones econm̤icas  |h [Recurso electrn̤ico] 
256 |a Servicio en ln̕ea 
260 |a Quito :   |b Banco Central de Ecuador,   |c 1985- 
300 |a 1 Recurso electrn̤ico 
506 |d vLex Global  |d vLex Global (Academic Edition, excluding Law Schools)  |d vLex Global (U.S. Academic Edition, Law Schools)  |d vLex Global (U.S. Academic Edition, excluding Law Schools)  |d vLex Global (Academic Edition, Law Schools) 
650 0 4 |a Economa̕  |z Ecuador 
740 |a vLex Revistas (Servicio en ln̕ea) 
856 4 0 |a Acceso restringido  |u http://vlex.com/source/practica-auditoria-automatizada-7076 
942 |c REV 
999 0 |a Economics